Loading...
| Science - Physics | 3 | 2 | 0 | 0 | 65 | 50 | 63.40 | 3 | 5 |
| Science - Biology | 2 | 3 | 0 | 0 | 60 | 45 | 71.00 | 3 | 4 |
| Science - Other Science | 1 | 3 | 1 | 1 | 40 | 37 | 80.75 | 1 | 3 |
| Social Science | 0 | 4 | 1 | 0 | 35 | 82 | 97.75 | 0 | 2 |
| Science - Chemistry | 3 | 0 | 4 | 1 | 25 | 49 | 56.00 | 2 | 3 |
| History - American History | 0 | 2 | 0 | 0 | 20 | 69 | 76.50 | 0 | 2 |
| Current Events | 1 | 0 | 0 | 0 | 15 | 30 | 30.00 | 0 | 1 |
| History - European History | 1 | 0 | 0 | 0 | 15 | 81 | 81.00 | 1 | 1 |
| Mythology | 1 | 0 | 0 | 0 | 15 | 73 | 73.00 | 0 | 1 |
| Philosophy | 0 | 1 | 0 | 0 | 10 | 110 | 110.00 | 0 | 0 |
| History - World History | 0 | 1 | 0 | 0 | 10 | 104 | 104.00 | 0 | 1 |
| Religion | 0 | 0 | 1 | 0 | -5 | 0.00 | 0 | 0 |